Las familias en la escuela primaria : transformaciones recientes en la vida cotidiana (Record no. 68938)

MARC details
000 -CABECERA
campo de control de longitud fija 00612nam a2200217 a 4500
005 - FECHA Y HORA DE LA ÚLTIMA TRANSACCIÓN
campo de control 20210219153127.0
008 - ELEMENTOS DE LONGITUD FIJA--INFORMACIÓN GENERAL
campo de control de longitud fija 991125n 000 0 spa u
035 ## - NÚMERO DE CONTROL DEL SISTEMA
Número de control de sistema UPN01000079144
222 ## - TÍTULO CLAVE
Título clave PROPUESTA EDUCATIVA
245 ## - MENCIÓN DE TÍTULO
Título Las familias en la escuela primaria : transformaciones recientes en la vida cotidiana
260 ## - PUBLICACIÓN, DISTRIBUCIÓN, ETC.
Lugar de publicación, distribución, etc. Argentina
300 ## - DESCRIPCIÓN FÍSICA
Extensión 60-66
362 0# - FECHAS DE PUBLICACIÓN Y/O DESIGNACIÓN SECUENCIAL
Fecha de publicación y/o designación secuencial 1996 Año 6, no. 14, ago.
653 0# - TERMINO DE INDIZACION - NO CONTROLADO
Término no controlado ESCUELA
653 0# - TERMINO DE INDIZACION - NO CONTROLADO
Término no controlado FAMILIA
653 0# - TERMINO DE INDIZACION - NO CONTROLADO
Término no controlado INTERACCION PADRES-MAESTRO
653 0# - TERMINO DE INDIZACION - NO CONTROLADO
Término no controlado PADRES DE FAMILIA
700 1# - ASIENTO SECUNDARIO--NOMBRE DE PERSONAL
Nombre de persona Carro, Silvina, coaut.
904 ## - ELEMENTOS DE DATOS D LOCAL, LDD (RLIN)
a AC
b 016955
905 ## - TIPO DE MATERIAL
Tipo de material Articulo

No items available.